000 00760nam a22001937a 4500
003 OSt
005 20251028052456.0
008 251028b |||||||| |||| 00| 0 eng d
020 _a9789715506717
040 _aDWC-Main Lib.
_cOC
082 _aFil. 808.89 K98 2013
100 _aORETA, JENNIFER SANTIAGO
245 _aKwentong bayani-han/
_cJennifer Santiago Oreta
260 _aQuezon City : Makati City :
_bAteneo de Manila University, Department of Political Science, The Asia Foundation, Civil Relations Services, Armed Forces of the Phils.,
_c2013.
300 _a89 pages :
_billustrations (color) ;
_c25 cm.
650 _a1. Stories of hope--Collections.
650 _a2. Stories of inspiration--Collections.
942 _2ddc
_cBK - FIL
_hFil.
_n0
999 _c5233
_d5233